[Event "21. Copenhagen Open  (Politiken Cup)"]
[Site "Copenhagen"]
[Date "1999.07.03"]
[Round "1"]
[White "Nielsen, Borge Hjerrild"]
[Black "Larsen, Vagn"]
[Result "1-0"]
[WhiteElo "2142"]
[BlackElo "1465"]
[PlyCount "75"]
[EventDate "1999.07.03"]
[EventType "swiss"]
[EventRounds "11"]
[EventCountry "DEN"]
[SourceDate "2004.01.01"]

1. d4 Nf6 2. c4 e6 3. Nc3 d5 4. Bg5 dxc4 5. e3 Be7 6. Bxc4 O-O 7. Nf3 Nc6 8.
O-O b6 9. Qe2 Bb7 10. Rfd1 Nb4 11. Rac1 Nfd5 12. Bxe7 Qxe7 13. Ne5 Rac8 14. a3
Nxc3 15. Rxc3 Nd5 16. Bxd5 Bxd5 17. Rdc1 c5 18. dxc5 Rxc5 19. Rxc5 bxc5 20. Nd3
Rc8 21. b4 c4 22. Nc5 Qg5 23. f4 Qf6 24. g3 c3 25. Qd3 Rd8 26. Qxc3 Qg6 27. Qc2
f5 28. Re1 h5 29. e4 fxe4 30. Re3 Qg4 31. Qe2 Qg6 32. Nxe4 Rc8 33. Nc3 Bc4 34.
Qd2 Qf7 35. Ne4 Qc7 36. Qd6 Qb7 37. Nc5 Bd5 38. Nxb7 1-0

[Event "21. Copenhagen Open  (Politiken Cup)"]
[Site "Copenhagen"]
[Date "1999.07.03"]
[Round "1"]
[White "Nielsen, Frode Benedikt"]
[Black "Aagaard, Jacob"]
[Result "0-1"]
[WhiteElo "1949"]
[BlackElo "2403"]
[PlyCount "34"]
[EventDate "1999.07.03"]
[EventType "swiss"]
[EventRounds "11"]
[EventCountry "DEN"]
[SourceDate "2004.01.01"]

1. e4 c5 2. Nf3 e6 3. Nc3 a6 4. d4 cxd4 5. Nxd4 b5 6. Bd3 Qb6 7. Be3 Bc5 8.
Nce2 Nf6 9. h3 Bb7 10. e5 Nd5 11. Qd2 Nc6 12. Nxc6 Nxe3 13. Na5 Nxg2+ 14. Kd1
Bxf2 15. Nxb7 Ne3+ 16. Kc1 Qxb7 17. Rh2 Nf1 0-1

[Event "21. Copenhagen Open  (Politiken Cup)"]
[Site "Copenhagen"]
[Date "1999.07.03"]
[Round "1"]
[White "Nielsen, Michael Backmann"]
[Black "Petersen, Steen"]
[Result "0-1"]
[WhiteElo "1514"]
[BlackElo "2166"]
[PlyCount "88"]
[EventDate "1999.07.03"]
[EventType "swiss"]
[EventRounds "11"]
[EventCountry "DEN"]
[SourceDate "2004.01.01"]

1. d4 Nf6 2. Nf3 e6 3. Bf4 c5 4. c3 b6 5. e3 Bb7 6. Nbd2 d6 7. Bd3 Be7 8. h3
Nbd7 9. O-O O-O 10. Qe2 Qc7 11. e4 e5 12. dxe5 dxe5 13. Bh2 Rfe8 14. Rad1 Bf8
15. Qe3 a6 16. Rc1 Rad8 17. Bb1 c4 18. Nh4 g6 19. Qg5 h6 20. Qe3 b5 21. b4 cxb3
22. axb3 Nc5 23. b4 Qd6 24. Qxc5 Qxc5 25. bxc5 Rxd2 26. Rcd1 Rxd1 27. Rxd1 Bxc5
28. Nf3 Bxe4 29. Nxe5 Bxb1 30. Rxb1 Ne4 31. Nd3 Nxc3 32. Ra1 Bd4 33. Rxa6 Re2
34. Rd6 Rd2 35. Ne1 Bxf2+ 36. Kf1 Bxe1 37. Kxe1 Rxd6 38. Bxd6 f5 39. h4 h5 40.
Bb4 Nd5 41. Bd2 Kf7 42. Ke2 Ke6 43. Kd3 Ke5 44. g3 f4 0-1

[Event "21. Copenhagen Open  (Politiken Cup)"]
[Site "Copenhagen"]
[Date "1999.07.03"]
[Round "1"]
[White "Nielsen, Nicholas Roland"]
[Black "Rossen, Claus"]
[Result "0-1"]
[WhiteElo "1538"]
[BlackElo "2184"]
[PlyCount "46"]
[EventDate "1999.07.03"]
[EventType "swiss"]
[EventRounds "11"]
[EventCountry "DEN"]
[SourceDate "2004.01.01"]

1. e4 c5 2. Nf3 e6 3. d4 cxd4 4. Nxd4 Nf6 5. Nc3 Nc6 6. f4 Bb4 7. Ndb5 Nxe4 8.
Qf3 d5 9. a3 Qa5 10. Bd2 Nxd2 11. Kxd2 d4 12. axb4 dxc3+ 13. Qxc3 Qxa1 14. Qxg7
Rf8 15. Nc7+ Ke7 16. Nxa8 Rd8+ 17. Ke2 Qd1+ 18. Kf2 Rd2+ 19. Kg3 Qe1+ 20. Kg4
e5+ 21. Kg5 h6+ 22. Kh5 Qd1+ 23. Kh4 Rd4 0-1

[Event "21. Copenhagen Open  (Politiken Cup)"]
[Site "Copenhagen"]
[Date "1999.07.03"]
[Round "1"]
[White "Nolsoe, Eydun"]
[Black "Bjarnason, Larus H"]
[Result "1-0"]
[WhiteElo "2184"]
[BlackElo "1550"]
[PlyCount "91"]
[EventDate "1999.07.03"]
[EventType "swiss"]
[EventRounds "11"]
[EventCountry "DEN"]
[SourceDate "2004.01.01"]

1. e4 c6 2. d4 d5 3. Nc3 dxe4 4. Nxe4 Bf5 5. Ng3 Bg6 6. Nf3 Nd7 7. h4 h6 8. h5
Bh7 9. Bd3 Bxd3 10. Qxd3 Ngf6 11. Bd2 e6 12. O-O-O Qc7 13. Qe2 O-O-O 14. Ne5
Nxe5 15. dxe5 Nd7 16. f4 Be7 17. Ne4 Nc5 18. Nc3 Rhe8 19. Qc4 Qb6 20. Kb1 Na6
21. Qe2 Nb4 22. Ne4 Rd7 23. Be3 Qa5 24. a3 Nd5 25. Bd2 Qd8 26. c4 Nc7 27. Bb4
Bxb4 28. axb4 Kb8 29. Nd6 Ree7 30. Rh3 Ne8 31. Rhd3 Nxd6 32. exd6 Re8 33. c5
Qf6 34. Qe5 Qxe5 35. fxe5 f5 36. Rg3 Rc8 37. Rg6 Re8 38. Rd3 Kc8 39. Rdg3 f4
40. R3g4 Rf7 41. Rxg7 Ref8 42. R7g6 Kd7 43. Rxh6 Rf5 44. Rh7+ R8f7 45. Rxf7+
Rxf7 46. h6 1-0

[Event "21. Copenhagen Open  (Politiken Cup)"]
[Site "Copenhagen"]
[Date "1999.07.03"]
[Round "1"]
[White "Nuoristo, Peter"]
[Black "Bekker Jensen, Simon"]
[Result "1/2-1/2"]
[WhiteElo "2266"]
[BlackElo "2436"]
[PlyCount "57"]
[EventDate "1999.07.03"]
[EventType "swiss"]
[EventRounds "11"]
[EventCountry "DEN"]
[SourceDate "2004.01.01"]

1. d4 Nf6 2. c4 g6 3. Nc3 Bg7 4. e4 d6 5. Nf3 O-O 6. Be2 Na6 7. O-O e5 8. d5
Nc5 9. Qc2 a5 10. Ne1 Nfd7 11. Nd3 Nxd3 12. Bxd3 Nc5 13. Be3 f5 14. exf5 gxf5
15. f4 Nxd3 16. Qxd3 Bd7 17. a4 Qf6 18. Rf2 b6 19. Rd1 Kh8 20. Nb5 Rac8 21. b3
Rfe8 22. Bc1 Bxb5 23. cxb5 e4 24. Qe3 Qc3 25. Qxc3 Bxc3 26. Bb2 Bxb2 27. Rxb2
Re7 28. Kf2 Rg8 29. Ke3 1/2-1/2

[Event "21. Copenhagen Open  (Politiken Cup)"]
[Site "Copenhagen"]
[Date "1999.07.03"]
[Round "1"]
[White "Olsen, Miriam Frida"]
[Black "Petersen, Nils"]
[Result "0-1"]
[WhiteElo "1000"]
[BlackElo "2067"]
[PlyCount "130"]
[EventDate "1999.07.03"]
[EventType "swiss"]
[EventRounds "11"]
[EventCountry "DEN"]
[SourceDate "2004.01.01"]

1. d4 d5 2. c4 e6 3. Nc3 Nf6 4. Bg5 c6 5. e3 Qa5 6. Nf3 Ne4 7. Rc1 Bb4 8. Qb3
Bxc3+ 9. Rxc3 Nxg5 10. Nxg5 dxc4 11. Bxc4 Qxg5 12. O-O O-O 13. Rd1 b5 14. Be2
Bb7 15. Bf3 Nd7 16. Bxc6 Bxc6 17. Rxc6 Qd5 18. Qxd5 exd5 19. Rd6 Nb6 20. Rc1
Rfd8 21. Rdc6 Rac8 22. R6c5 Rxc5 23. dxc5 Rc8 24. b4 Na8 25. Ra1 a5 26. a4 bxa4
27. Rxa4 axb4 28. Rxb4 Kf8 29. Kf1 Ke7 30. Ra4 Nc7 31. Ra7 Kd7 32. Ke2 Ra8 33.
Rxa8 Nxa8 34. Kd3 Kc6 35. Kd4 Nc7 36. f3 Ne6+ 37. Ke5 Kxc5 38. f4 Nf8 39. g4
f6+ 40. Kf5 Kc4 41. g5 fxg5 42. fxg5 Kd3 43. Ke5 Kxe3 44. Kxd5 Kf4 45. Kd6 Kxg5
46. Ke7 Ng6+ 47. Kf7 Kh6 48. h3 Nf4 49. h4 Ng6 50. h5 Nf4 51. Ke7 Kxh5 52. Kd6
Kg4 53. Ke5 h5 54. Ke4 h4 55. Ke3 Kg3 56. Ke4 h3 57. Ke5 h2 58. Kd4 h1=Q 59.
Kc5 Qd5+ 60. Kb4 Qc6 61. Kb3 Qc5 62. Kb2 Qc4 63. Kb1 Qe2 64. Ka1 Nd3 65. Kb1
Qb2# 0-1

[Event "21. Copenhagen Open  (Politiken Cup)"]
[Site "Copenhagen"]
[Date "1999.07.03"]
[Round "1"]
[White "Olsen, Peter Erik"]
[Black "Pedersen, Bent O"]
[Result "1-0"]
[WhiteElo "2248"]
[BlackElo "1702"]
[PlyCount "87"]
[EventDate "1999.07.03"]
[EventType "swiss"]
[EventRounds "11"]
[EventCountry "DEN"]
[SourceDate "2004.01.01"]

1. d4 f5 2. Nc3 Nf6 3. e4 fxe4 4. f3 exf3 5. Nxf3 d5 6. Bd3 g6 7. O-O Bg7 8.
Qe1 Nc6 9. a3 Bg4 10. Ng5 O-O 11. h3 Bd7 12. Qh4 Nh5 13. Be3 e5 14. Nxd5 exd4
15. Bd2 Ne5 16. g4 Bc6 17. gxh5 Bxd5 18. hxg6 h6 19. Qh5 Qd6 20. Nf7 Nxf7 21.
gxf7+ Bxf7 22. Rxf7 Rxf7 23. Bc4 Raf8 24. Rf1 Qe7 25. Bxh6 Bxh6 26. Qxh6 Qe3+
27. Qxe3 dxe3 28. Rxf7 Rxf7 29. Bxf7+ Kxf7 30. Kg2 Kg6 31. Kf3 Kg5 32. Kxe3 Kh4
33. Ke4 Kxh3 34. Ke5 Kg4 35. Ke6 Kf4 36. Kd7 c5 37. Kc7 b5 38. Kc6 b4 39. Kxc5
bxa3 40. bxa3 Ke5 41. c4 Ke6 42. Kc6 Ke7 43. c5 Kd8 44. Kb7 1-0

[Event "21. Copenhagen Open  (Politiken Cup)"]
[Site "Copenhagen"]
[Date "1999.07.03"]
[Round "1"]
[White "Ori, Marco"]
[Black "Rubeksen, Thomas H"]
[Result "1-0"]
[WhiteElo "2068"]
[BlackElo "1050"]
[PlyCount "47"]
[EventDate "1999.07.03"]
[EventType "swiss"]
[EventRounds "11"]
[EventCountry "DEN"]
[SourceDate "2004.01.01"]

1. e4 e5 2. Nc3 Nc6 3. Bc4 Bc5 4. d3 d6 5. Na4 Bb4+ 6. c3 Ba5 7. b4 Bb6 8. Nxb6
axb6 9. Ne2 h6 10. O-O Nge7 11. Qb3 O-O 12. f4 Qe8 13. f5 Nd8 14. f6 Ng6 15.
fxg7 Kxg7 16. Qd1 Be6 17. Ng3 Rh8 18. Nf5+ Bxf5 19. exf5 Nf8 20. Qg4+ Kf6 21.
Qh4+ Kg7 22. Rf3 Rh7 23. Rg3+ Kh8 24. Qf6+ 1-0

[Event "21. Copenhagen Open  (Politiken Cup)"]
[Site "Copenhagen"]
[Date "1999.07.03"]
[Round "1"]
[White "Pedersen, Steffen"]
[Black "Grigorian, Anusit"]
[Result "1-0"]
[WhiteElo "2427"]
[BlackElo "2000"]
[PlyCount "67"]
[EventDate "1999.07.03"]
[EventType "swiss"]
[EventRounds "11"]
[EventCountry "DEN"]
[SourceDate "2004.01.01"]

1. d4 d5 2. c4 Bf5 3. cxd5 Bxb1 4. Rxb1 Qxd5 5. e3 e6 6. a3 Nf6 7. Qc2 c6 8.
Nf3 Nbd7 9. Bc4 Qa5+ 10. Bd2 Qc7 11. O-O g6 12. e4 Nb6 13. Ba2 Bg7 14. Rfe1 O-O
15. e5 Nfd5 16. Qe4 Qd7 17. h4 h5 18. Rbd1 Ne7 19. g4 hxg4 20. Qxg4 Nbd5 21. h5
f5 22. exf6 Rxf6 23. h6 Bh8 24. Bg5 Rf5 25. Bb1 Rf7 26. Bxe7 Nxe7 27. Ng5 Rf6
28. h7+ Kf8 29. Nxe6+ Kf7 30. Ba2 Ke8 31. d5 Qd6 32. dxc6 Qxc6 33. Qb4 Rf5 34.
Ng7+ 1-0

[Event "21. Copenhagen Open  (Politiken Cup)"]
[Site "Copenhagen"]
[Date "1999.07.03"]
[Round "1"]
[White "Petersen, Steffen"]
[Black "El Kher, Henrik"]
[Result "0-1"]
[WhiteElo "1875"]
[BlackElo "2332"]
[PlyCount "50"]
[EventDate "1999.07.03"]
[EventType "swiss"]
[EventRounds "11"]
[EventCountry "DEN"]
[SourceDate "2004.01.01"]

1. e4 c5 2. Nf3 d6 3. Nc3 Nf6 4. d4 cxd4 5. Nxd4 a6 6. Be2 e6 7. O-O Be7 8. Be3
O-O 9. f4 Qc7 10. Kh1 b5 11. a3 Bb7 12. Bf3 Nbd7 13. Qe2 Nc5 14. Bg1 Rad8 15.
Rad1 Rfe8 16. Rfe1 Bf8 17. b4 Ncd7 18. Rd3 e5 19. fxe5 Nxe5 20. Nf5 Nxd3 21.
Qxd3 d5 22. Bd4 dxe4 23. Nxe4 Nxe4 24. Rxe4 Bxe4 25. Bxe4 Qf4 0-1

[Event "21. Copenhagen Open  (Politiken Cup)"]
[Site "Copenhagen"]
[Date "1999.07.03"]
[Round "1"]
[White "Poulsen, Martin"]
[Black "Larsen, Karsten"]
[Result "0-1"]
[WhiteElo "1775"]
[BlackElo "2281"]
[PlyCount "38"]
[EventDate "1999.07.03"]
[EventType "swiss"]
[EventRounds "11"]
[EventCountry "DEN"]
[SourceDate "2004.01.01"]

1. e4 c6 2. Nc3 g6 3. d4 d5 4. exd5 cxd5 5. Bf4 a6 6. Be2 Nf6 7. Nf3 Bg7 8. Ne5
Be6 9. Qd2 Nbd7 10. O-O-O Rc8 11. Bf3 b5 12. Nxd7 Qxd7 13. Be5 b4 14. Ne2 Bf5
15. c3 Qa4 16. g4 Bh6 17. Bf4 Bxf4 18. Nxf4 bxc3 19. Qe3 Qc2# 0-1

[Event "21. Copenhagen Open  (Politiken Cup)"]
[Site "Copenhagen"]
[Date "1999.07.03"]
[Round "1"]
[White "Preuss, Flemming"]
[Black "Jorgensen, Morten"]
[Result "1-0"]
[WhiteElo "2078"]
[BlackElo "1151"]
[PlyCount "75"]
[EventDate "1999.07.03"]
[EventType "swiss"]
[EventRounds "11"]
[EventCountry "DEN"]
[SourceDate "2004.01.01"]

1. e4 c5 2. Nf3 d6 3. d4 cxd4 4. Qxd4 e5 5. Bb5+ Nc6 6. Qd3 Be7 7. c4 Qc7 8.
Nc3 Be6 9. Nd5 Qd7 10. O-O f5 11. Ng5 Bxg5 12. Bxg5 f4 13. f3 h6 14. Bh4 g5 15.
Bf2 h5 16. Rad1 Rd8 17. Bxa7 Qg7 18. Kh1 g4 19. Rd2 Nf6 20. a4 Kf8 21. Bb6 Rd7
22. Rfd1 Ne8 23. Qc3 h4 24. fxg4 Bxg4 25. Rf1 Rf7 26. Rdf2 h3 27. g3 f3 28. Ne3
Bh5 29. Nf5 Qg6 30. c5 Rhh7 31. cxd6 Nxd6 32. Nxd6 Qxd6 33. Bc5 Kg8 34. Bxd6
Nd4 35. Bxe5 Ne2 36. Qc8+ Rf8 37. Bc4+ Bf7 38. Qg4+ 1-0

[Event "21. Copenhagen Open  (Politiken Cup)"]
[Site "Copenhagen"]
[Date "1999.07.03"]
[Round "1"]
[White "Rasmussen, Casper Dahl"]
[Black "Madhy, Nezar"]
[Result "1-0"]
[WhiteElo "2240"]
[BlackElo "1689"]
[PlyCount "81"]
[EventDate "1999.07.03"]
[EventType "swiss"]
[EventRounds "11"]
[EventCountry "DEN"]
[SourceDate "2004.01.01"]

1. e4 c5 2. Nf3 d6 3. d4 cxd4 4. Nxd4 Nf6 5. Nc3 a6 6. f4 Qc7 7. Nf3 e6 8. Bd3
Nbd7 9. O-O b5 10. a4 b4 11. Na2 Qc5+ 12. Kh1 Ng4 13. Qe1 a5 14. h3 h5 15. Bd2
Be7 16. Nc1 Nh6 17. Nb3 Qc7 18. Nbd4 Ba6 19. Bxa6 Rxa6 20. c3 Nc5 21. cxb4 axb4
22. b3 Qb7 23. Ng5 f6 24. Ngxe6 Kf7 25. Nxc5 dxc5 26. Nb5 Re6 27. f5 Rxe4 28.
Qg3 Ng4 29. Rae1 h4 30. Nd6+ Bxd6 31. Qxd6 Rxe1 32. Rxe1 Ne5 33. Qe6+ Kf8 34.
Be3 Qc7 35. Bf4 Qe7 36. Qc8+ Qe8 37. Qxc5+ Kg8 38. Qxb4 Rh5 39. Bxe5 fxe5 40.
Qc4+ Kh8 41. Qe6 1-0

[Event "21. Copenhagen Open  (Politiken Cup)"]
[Site "Copenhagen"]
[Date "1999.07.03"]
[Round "1"]
[White "Rasmussen, Henning"]
[Black "Olsen, Heini"]
[Result "0-1"]
[WhiteElo "1802"]
[BlackElo "2292"]
[PlyCount "152"]
[EventDate "1999.07.03"]
[EventType "swiss"]
[EventRounds "11"]
[EventCountry "DEN"]
[SourceDate "2004.01.01"]

1. d4 Nf6 2. c4 g6 3. Nc3 Bg7 4. e4 d6 5. Nf3 O-O 6. Be2 e5 7. dxe5 dxe5 8.
Qxd8 Rxd8 9. Bg5 Rf8 10. O-O-O Na6 11. Nxe5 Nxe4 12. Nxe4 Bxe5 13. f4 Bg7 14.
Be7 Re8 15. Nf6+ Bxf6 16. Bxf6 Bf5 17. Rhe1 Nb4 18. Bf1 Nxa2+ 19. Kd2 Nb4 20.
Kc3 c5 21. Rxe8+ Rxe8 22. Rd8 Rxd8 23. Bxd8 Kf8 24. Be2 Be4 25. g3 f5 26. Bf6
Kf7 27. Bh8 Ke6 28. Bf1 Kd6 29. Be5+ Kc6 30. Bf6 a6 31. Be2 Nc2 32. Bf3 Ne3 33.
Be2 b5 34. b3 Nc2 35. Bd3 Bxd3 36. Kxd3 Nb4+ 37. Kc3 Kb6 38. Be5 Nc6 39. Bf6
Nb8 40. Be5 Nd7 41. Bh8 Kc6 42. Bg7 Kd6 43. Kd3 Ke6 44. Bc3 Nf6 45. Be1 Ng4 46.
h3 Nf6 47. Bc3 Nh5 48. Be1 Kd6 49. Bf2 Kc6 50. Be1 Nf6 51. Bc3 Ne4 52. Be1 Kb6
53. g4 a5 54. cxb5 Kxb5 55. g5 Nd6 56. Bc3 Nc8 57. Bd2 Nb6 58. Bc3 a4 59. bxa4+
Nxa4 60. Ba1 Kc6 61. Be5 Kd5 62. Bc7 Nb2+ 63. Kc2 Nc4 64. Kd3 Nd6 65. Bb8 Nb5
66. Be5 Nd4 67. Bf6 Ne6 68. Ke3 Kc4 69. Be5 Nd4 70. Bd6 Nc2+ 71. Kd2 Nb4 72.
Be7 Nd5 73. Bd6 Kd4 74. h4 c4 75. Ke2 Nc3+ 76. Kf3 Kd3 0-1

[Event "21. Copenhagen Open  (Politiken Cup)"]
[Site "Copenhagen"]
[Date "1999.07.03"]
[Round "1"]
[White "Rasmussen, Poul"]
[Black "Nilsson, Nils Specht"]
[Result "0-1"]
[WhiteElo "1581"]
[BlackElo "2194"]
[PlyCount "64"]
[EventDate "1999.07.03"]
[EventType "swiss"]
[EventRounds "11"]
[EventCountry "DEN"]
[SourceDate "2004.01.01"]

1. e4 c6 2. d4 g6 3. Nc3 Bg7 4. Nf3 d5 5. h3 Nf6 6. exd5 cxd5 7. Bd3 Nc6 8. O-O
O-O 9. Be3 Nb4 10. Ne5 Nxd3 11. Nxd3 Ne4 12. Nxe4 dxe4 13. Nf4 f5 14. h4 Qb6
15. Nd5 Qd6 16. Nf4 Be6 17. d5 Bf7 18. c4 Bxb2 19. Rb1 Be5 20. c5 Qd7 21. g3
Bxf4 22. Bxf4 Qxd5 23. Qxd5 Bxd5 24. Rfd1 Rfd8 25. Rxd5 Rxd5 26. Rxb7 Rxc5 27.
Rxe7 a5 28. Be3 Rc2 29. a3 a4 30. Bd4 Rd8 31. Bf6 Rd1+ 32. Kg2 Rcc1 0-1

[Event "21. Copenhagen Open  (Politiken Cup)"]
[Site "Copenhagen"]
[Date "1999.07.03"]
[Round "1"]
[White "Rosenberg, Jan"]
[Black "Petersen, Peter Birk"]
[Result "0-1"]
[WhiteElo "1624"]
[BlackElo "2205"]
[PlyCount "48"]
[EventDate "1999.07.03"]
[EventType "swiss"]
[EventRounds "11"]
[EventCountry "DEN"]
[SourceDate "2004.01.01"]

1. e4 c5 2. d4 cxd4 3. c3 dxc3 4. Nxc3 Nc6 5. Bc4 e6 6. Nf3 a6 7. a4 Nge7 8.
O-O Ng6 9. Qe2 Be7 10. Be3 O-O 11. Rfd1 d6 12. Rac1 Bd7 13. Ba2 Rc8 14. Qd2
Nge5 15. Nxe5 Nxe5 16. Qe2 Qe8 17. f4 Nc6 18. Bb1 Na5 19. Rf1 Nc4 20. e5 dxe5
21. Bxh7+ Kxh7 22. Qh5+ Kg8 23. Rf3 f5 24. Qh3 Nxe3 0-1

[Event "21. Copenhagen Open  (Politiken Cup)"]
[Site "Copenhagen"]
[Date "1999.07.03"]
[Round "1"]
[White "Schandorff, Lars"]
[Black "Baekgaard, Martin"]
[Result "1/2-1/2"]
[WhiteElo "2514"]
[BlackElo "2055"]
[PlyCount "43"]
[EventDate "1999.07.03"]
[EventType "swiss"]
[EventRounds "11"]
[EventCountry "DEN"]
[SourceDate "2004.01.01"]

1. d4 f5 2. g3 Nf6 3. Bg2 g6 4. Nf3 d6 5. O-O Bg7 6. b4 O-O 7. Bb2 c6 8. c4 Bd7
9. a4 Na6 10. Qb3 Nc7 11. Nc3 Kh8 12. Rfd1 Qe8 13. d5 h6 14. dxc6 bxc6 15. b5
Ne6 16. Nh4 Nc5 17. Qc2 Rc8 18. Rac1 Ng4 19. bxc6 Bxc6 20. Bxc6 Rxc6 21. Nd5
Kh7 22. Bxg7 1/2-1/2

[Event "21. Copenhagen Open  (Politiken Cup)"]
[Site "Copenhagen"]
[Date "1999.07.03"]
[Round "1"]
[White "Schmidt, Horst Hubert"]
[Black "Sinkbaek, Aage"]
[Result "0-1"]
[WhiteElo "1672"]
[BlackElo "2232"]
[PlyCount "102"]
[EventDate "1999.07.03"]
[EventType "swiss"]
[EventRounds "11"]
[EventCountry "DEN"]
[SourceDate "2004.01.01"]

1. d4 Nf6 2. Nf3 g6 3. e3 Bg7 4. Be2 O-O 5. c4 d6 6. O-O Nbd7 7. Nc3 c6 8. Qc2
e5 9. Rd1 Qc7 10. b3 Re8 11. Bb2 Nf8 12. Rac1 Bf5 13. e4 Bg4 14. d5 Bxf3 15.
Bxf3 c5 16. Qd2 h5 17. Ne2 Qe7 18. b4 N6d7 19. Ng3 Nh7 20. a3 Ng5 21. Qd3 h4
22. Nf1 f5 23. Re1 b6 24. Nd2 Rf8 25. Be2 Bh6 26. Rcd1 Rf7 27. f3 Nh7 28. Bf1
h3 29. g3 Bxd2 30. Rxd2 Ng5 31. Rf2 fxe4 32. fxe4 Rxf2 33. Kxf2 Rf8+ 34. Ke2
Qf6 35. Kd1 Nf3 36. Re3 Ng1 37. Be2 Qf2 38. Bg4 Qxb2 39. Be6+ Kg7 40. Bf5 gxf5
41. exf5 Qd4 42. g4 Qxd3+ 43. Rxd3 e4 44. Rg3 Nf3 45. Rxh3 Nde5 46. Rg3 Nxh2
47. bxc5 bxc5 48. Rb3 Nhxg4 49. Rb7+ Rf7 50. Rb8 Rxf5 51. Rd8 Nxc4 0-1

[Event "21. Copenhagen Open  (Politiken Cup)"]
[Site "Copenhagen"]
[Date "1999.07.03"]
[Round "1"]
[White "Skare, Karl Andre"]
[Black "Pedersen, Kaj Vinding"]
[Result "1-0"]
[WhiteElo "2164"]
[BlackElo "1497"]
[PlyCount "115"]
[EventDate "1999.07.03"]
[EventType "swiss"]
[EventRounds "11"]
[EventCountry "DEN"]
[SourceDate "2004.01.01"]

1. c4 Nf6 2. Nc3 g6 3. g3 Bg7 4. Bg2 c6 5. d4 d5 6. b3 Ne4 7. Nxe4 dxe4 8. e3
f5 9. Ne2 c5 10. Bb2 Nc6 11. Qd2 Nb4 12. O-O Nd3 13. Bc3 O-O 14. Nc1 cxd4 15.
exd4 Bxd4 16. Nxd3 Bxc3 17. Qxc3 Qxd3 18. Qxd3 exd3 19. Rfd1 Rd8 20. Rd2 e5 21.
Bd5+ Rxd5 22. cxd5 e4 23. f3 Bd7 24. Re1 Re8 25. Kf2 Kf7 26. fxe4 fxe4 27. Ke3
Bf5 28. Kd4 h5 29. h3 Rc8 30. g4 hxg4 31. hxg4 Bxg4 32. Rxe4 Bf5 33. Re1 Rc2
34. Rxc2 dxc2 35. Kc5 Bg4 36. Rc1 Bd1 37. Kd6 g5 38. Kc7 g4 39. d6 g3 40. d7 g2
41. d8=Q g1=Q 42. Qd5+ Kf6 43. Qd6+ Kf7 44. Qf4+ Ke7 45. Qe4+ Kf7 46. Qc4+ Kf6
47. Qc3+ Kf7 48. Rxc2 Qb6+ 49. Kb8 Bxc2 50. Qxc2 a5 51. Qc7+ Qxc7+ 52. Kxc7 b5
53. Kb6 a4 54. Kxb5 axb3 55. axb3 Ke7 56. Kc6 Kd8 57. Kb7 Kd7 58. b4 1-0

[Event "21. Copenhagen Open  (Politiken Cup)"]
[Site "Copenhagen"]
[Date "1999.07.03"]
[Round "1"]
[White "Skytte, Rasmus"]
[Black "Mathiesen, Erik"]
[Result "1-0"]
[WhiteElo "2338"]
[BlackElo "1891"]
[PlyCount "59"]
[EventDate "1999.07.03"]
[EventType "swiss"]
[EventRounds "11"]
[EventCountry "DEN"]
[SourceDate "2004.01.01"]

1. e4 c5 2. c3 d5 3. exd5 Qxd5 4. d4 cxd4 5. cxd4 Nc6 6. Nf3 e6 7. Nc3 Qa5 8.
Bd3 Nf6 9. O-O h6 10. a3 a6 11. Re1 Bd6 12. Be3 O-O 13. b4 Qd8 14. Bc2 Ne7 15.
Qd3 b5 16. Ne4 Ned5 17. Ne5 Bb7 18. Ng4 Re8 19. Ngxf6+ Nxf6 20. Nxf6+ Qxf6 21.
Qh7+ Kf8 22. Bb3 Qh4 23. g3 Qg4 24. d5 Rac8 25. Rad1 Rc3 26. dxe6 Rxb3 27. e7+
Kxe7 28. Bf4+ Kd7 29. Rxd6+ Kc7 30. Qc2+ 1-0

[Event "21. Copenhagen Open  (Politiken Cup)"]
[Site "Copenhagen"]
[Date "1999.07.03"]
[Round "1"]
[White "Steindorsson, Sigurour P"]
[Black "Ward, Christopher"]
[Result "0-1"]
[WhiteElo "2052"]
[BlackElo "2473"]
[PlyCount "36"]
[EventDate "1999.07.03"]
[EventType "swiss"]
[EventRounds "11"]
[EventCountry "DEN"]
[SourceDate "2004.01.01"]

1. c4 b6 2. e4 Bb7 3. Nc3 e6 4. d4 Bb4 5. Bd3 f5 6. d5 fxe4 7. Bxe4 Qh4 8. Bf3
Bxc3+ 9. bxc3 Qxc4 10. dxe6 Qxe6+ 11. Be3 Bxf3 12. Qxf3 Nc6 13. Qg3 O-O-O 14.
Qxg7 Nf6 15. Ne2 Ng4 16. Nd4 Qe4 17. Nxc6 dxc6 18. O-O Rhg8 0-1

[Event "21. Copenhagen Open  (Politiken Cup)"]
[Site "Copenhagen"]
[Date "1999.07.03"]
[Round "1"]
[White "Sylvan, Jacob"]
[Black "Jensen, Torben W"]
[Result "1-0"]
[WhiteElo "2271"]
[BlackElo "1740"]
[PlyCount "71"]
[EventDate "1999.07.03"]
[EventType "swiss"]
[EventRounds "11"]
[EventCountry "DEN"]
[SourceDate "2004.01.01"]

1. e4 c5 2. Nf3 d6 3. d4 cxd4 4. Nxd4 Nf6 5. Nc3 e6 6. Be3 Be7 7. f3 O-O 8. Qd2
a6 9. O-O-O Nc6 10. g4 Nxd4 11. Bxd4 d5 12. e5 Nd7 13. f4 Qc7 14. Kb1 b5 15.
Bd3 Bc5 16. Ne2 Bxd4 17. Nxd4 Nc5 18. g5 Bb7 19. h4 Nxd3 20. cxd3 Qb6 21. Qe3
Rac8 22. h5 Rc7 23. h6 g6 24. Rc1 Rfc8 25. Rxc7 Rxc7 26. Rc1 Rxc1+ 27. Kxc1
Qc5+ 28. Nc2 Qxe3+ 29. Nxe3 Kf8 30. Kd2 b4 31. Ng4 Kg8 32. Ke3 a5 33. Kd4 a4
34. Kc5 a3 35. b3 d4 36. Kxb4 1-0

[Event "21. Copenhagen Open  (Politiken Cup)"]
[Site "Copenhagen"]
[Date "1999.07.03"]
[Round "1"]
[White "Trygstad, Kristian"]
[Black "Simonsen, Hans Kristian"]
[Result "1-0"]
[WhiteElo "2227"]
[BlackElo "1650"]
[PlyCount "55"]
[EventDate "1999.07.03"]
[EventType "swiss"]
[EventRounds "11"]
[EventCountry "DEN"]
[SourceDate "2004.01.01"]

1. e4 e6 2. d4 d5 3. Nc3 Nf6 4. e5 Nfd7 5. Nf3 c5 6. dxc5 Bxc5 7. Bd3 Nc6 8.
Bf4 d4 9. Ne4 Bb4+ 10. Kf1 f6 11. exf6 Nxf6 12. Qe2 O-O 13. Nxf6+ Qxf6 14. Bg5
Qf7 15. Qe4 g6 16. Bh6 Re8 17. Ng5 Qf6 18. h4 Bf8 19. Nxh7 Kxh7 20. Bg5 Qg7 21.
h5 Ne5 22. hxg6+ Kg8 23. Rh7 Qxg6 24. Qxe5 Bg7 25. Bxg6 Bxe5 26. Re1 Bg7 27.
Rxg7+ Kxg7 28. Bxe8 1-0

[Event "21. Copenhagen Open  (Politiken Cup)"]
[Site "Copenhagen"]
[Date "1999.07.03"]
[Round "1"]
[White "Van Der Weide, Karel"]
[Black "Samuelsen, Carl Eli"]
[Result "1-0"]
[WhiteElo "2434"]
[BlackElo "2060"]
[PlyCount "121"]
[EventDate "1999.07.03"]
[EventType "swiss"]
[EventRounds "11"]
[EventCountry "DEN"]
[SourceDate "2004.01.01"]

1. e4 c6 2. d4 d5 3. e5 Bf5 4. Nf3 e6 5. Be2 c5 6. Be3 Nd7 7. Nbd2 Rc8 8. Rc1
Ne7 9. c4 cxd4 10. Bxd4 Nc6 11. cxd5 exd5 12. O-O Bb4 13. a3 Bxd2 14. Qxd2 O-O
15. Bb5 Be4 16. Bxc6 bxc6 17. Ng5 Bf5 18. Qf4 Be6 19. Bxa7 Qa5 20. Be3 c5 21.
Bd2 Qa6 22. Qg3 Nb6 23. Nh3 Kh8 24. Nf4 Nc4 25. Nh5 Rg8 26. Bg5 h6 27. Be7 Qa7
28. Rxc4 dxc4 29. Bd6 Qb7 30. Qc3 Qb3 31. Qc1 Bf5 32. h3 Qc2 33. Qxc2 Bxc2 34.
Rc1 Bb3 35. Ng3 Rc6 36. Ne4 Rgc8 37. f4 Kg8 38. Kf2 f5 39. exf6 gxf6 40. Nxf6+
Kf7 41. Ne4 Ke6 42. Be5 Rd8 43. Re1 Bc2 44. g4 Rd1 45. Rxd1 Bxd1 46. Bc3 Bc2
47. Ke3 Bxe4 48. Kxe4 Rd6 49. h4 Rd1 50. g5 hxg5 51. f5+ Ke7 52. hxg5 Rg1 53.
g6 Kd6 54. Be5+ Kd7 55. a4 Ke8 56. Kd5 Kd7 57. Bc3 Rg5 58. Ke5 Ke7 59. a5 Rg1
60. f6+ Kf8 61. Kf5 1-0